Most Peaceful Asian Countries - Statistics

General Stats
  • This quiz has been taken 35 times
  • The average score is 12 of 14
Answer Stats
Safety Index Country % Correct
1.525 Japan
100%
1.564 Bhutan
97%
1.339 Singapore
94%
1.848 South Korea
94%
1.845 Mongolia
87%
1.761 Oman
84%
1.897 United Arab Emirates
84%
1.622 Kuwait
81%
1.427 Malaysia
81%
1.802 Vietnam
81%
1.857 Indonesia
77%
1.656 Qatar
77%
1.882 Timor-Leste
74%
1.861 Laos
71%
No matching quizzes found
Score Distribution
Percent of People with Each Score
Percentile by Number Answered
Your Score History
You have not taken this quiz